000 00533nam a2200181Ia 4500
008 090201s9999 xx 000 0 und d
010 _aKPL-69630
040 _bमराठी
041 _aमराठी
082 _a48201
_b69630
100 _aसतीश खांबेटे
245 _aइंद्रधनु
_cसतीश खांबेटे
250 _a1
260 _c2005
_bआमोद प्रकाशन
300 _a140
_bमध्यम
600 _aइंद्रधनु
942 _cBOOK
999 _c244855
_d244855